书目信息 |
| 题名: |
中央银行与货币供给
|
|
| 作者: | 盛松成 , 翟春 著 | |
| 分册: | ||
| 出版信息: | 北京 中国金融出版社 2016.08 |
|
| 页数: | 452页 | |
| 开本: | 24cm | |
| 丛书名: | ||
| 单 册: | ||
| 中图分类: | F820.1 | |
| 科图分类: | ||
| 主题词: | 中央银行--货币供给--研究 | |
| 电子资源: | ||
| ISBN: | 978-7-5049-8621-4 | |
| 000 | 01495nam0 2200277 450 | |
| 001 | 0120162022167 | |
| 005 | 20170911094709.28 | |
| 010 | @a978-7-5049-8621-4@dCNY75.00 | |
| 100 | @a20161217d2016 em y0chiy50 ea | |
| 101 | 0 | @achi |
| 102 | @aCN@b110000 | |
| 105 | @ay z 000yy | |
| 106 | @ar | |
| 200 | 1 | @a中央银行与货币供给@9zhong yang yin hang yu huo bi gong ji@dCential bank and the money supply@f盛松成,翟春著@zeng |
| 205 | @a2版 | |
| 210 | @a北京@c中国金融出版社@d2016.08 | |
| 215 | @a452页@d24cm | |
| 330 | @a《中央银行与货币供给》第一版自2015年4月出版后,受到金融理论界和读者的广泛关注。本书受到的广泛关注,体现了社会各界对货币供给理论和实践的重视。尽管我国货币政策调控方式正逐步从以数量型调控为主,转变为以价格型调控为主,但研究数量型调控方式在我国未来较长时期中仍具有现实意义。目前,我国的货币供应量变化与主要经济金融指标,如GDP、CPI、利率、汇率和资产价格等都有较密切的关系。货币供应量是宏观经济分析的重要指标。研究货币供给过程对货币政策操作具有重要意义。本次再版,修订了第一版前十章的部分内容,将统计数据更新至2015年末,并新增了以下三章内容:第十一章“国际金融危机后非常规货币政策与货币供给”;第十二章“社会融资规模与货币供给”;第十三章“央行数字货币与货币供给”。 | |
| 333 | @a银行业相关研究人员 | |
| 510 | 1 | @aCential bank and the money supply@zeng |
| 606 | 0 | @a中央银行@x货币供给@x研究 |
| 690 | @aF820.1@v5 | |
| 701 | 0 | @a盛松成@9sheng song cheng@4著 |
| 701 | 0 | @a翟春@9di chun@4著 |
| 801 | 0 | @aCN@b人天书店@c20161217 |
| 905 | @b1071134-39@dF820.1@e86=2@f6 | |
| 中央银行与货币供给=Cential bank and the money supply/盛松成,翟春著.-2版.-北京:中国金融出版社,2016.08 |
| 452页;24cm |
| 使用对象:银行业相关研究人员 |
| ISBN 978-7-5049-8621-4:CNY75.00 |
| 《中央银行与货币供给》第一版自2015年4月出版后,受到金融理论界和读者的广泛关注。本书受到的广泛关注,体现了社会各界对货币供给理论和实践的重视。尽管我国货币政策调控方式正逐步从以数量型调控为主,转变为以价格型调控为主,但研究数量型调控方式在我国未来较长时期中仍具有现实意义。目前,我国的货币供应量变化与主要经济金融指标,如GDP、CPI、利率、汇率和资产价格等都有较密切的关系。货币供应量是宏观经济分析的重要指标。研究货币供给过程对货币政策操作具有重要意义。本次再版,修订了第一版前十章的部分内容,将统计数据更新至2015年末,并新增了以下三章内容:第十一章“国际金融危机后非常规货币政策与货币供给”;第十二章“社会融资规模与货币供给”;第十三章“央行数字货币与货币供给”。 |
| ● |
| 相关链接 |
|
|
|
|
正题名:中央银行与货币供给
索取号:F820.1/86=2
 
预约/预借
| 序号 | 登录号 | 条形码 | 馆藏地/架位号 | 状态 | 备注 |
| 1 | 1071134 | 210711345 | 第一样本阅览室/ [索取号:F820.1/86=2] | 在馆 | |
| 2 | 1071135 | 210711354 | 经管系资料室/ [索取号:F820.1/86=2] | 在馆 | |
| 3 | 1071136 | 210711363 | 第一借阅区/ [索取号:F820.1/86=2] | 在馆 | |
| 4 | 1071137 | 210711372 | 第一借阅区/ [索取号:F820.1/86=2] | 在馆 | |
| 5 | 1071138 | 210711381 | 第一借阅区/ [索取号:F820.1/86=2] | 在馆 | |
| 6 | 1071139 | 210711390 | 第一借阅区/ [索取号:F820.1/86=2] | 在馆 |